NAJWIĘKSI POLSCY PATOSTREAMERZY - Statystyki

Ogólne statystyki
  • Ten quiz został rozwiązany 111 razy
  • Średni wynik to 5 z 19
Statystyki odpowiedzi
Odpowiedź % Poprawnych
Daniel Magical
91%
Rafonix
84%
Rafatus
70%
Goha
44%
Gural
41%
Krzysztof Kononowicz
37%
Jaca
33%
Dawid Jasper
31%
Major Suchodolski
24%
Mikro Cypek
20%
Xayoo
19%
Domino Gamer
15%
BystrzakTV
9%
Robalini
9%
Mammon
8%
Paramaxil
2%
Dawid Czech
1%
Dejwid Tibijski Zadymiarz
0%
Paweł Lubacha
0%
Nie znaleziono quizów pasujących do podanych kryteriów
Rozkład punktacji
Procent ludzi z każdym wynikiem
Percentyl według liczby udzielonych odpowiedzi
Twoja historia wyników
Nie rozwiązałeś tego quizu